[Event "9th Open"]
[Site "Pilsen-Lobzy CZE"]
[Date "2003.08.23"]
[Round "8"]
[White "Havlik,J"]
[Black "Staszko,M"]
[Result "1-0"]
[WhiteElo "2151"]
[BlackElo "2083"]

1.e4 c5 2.Nf3 Nc6 3.Nc3 Nf6 4.d4 cxd4 5.Nxd4 e5 6.Ndb5 d6 7.Bg5 a6 8.Na3 b5
9.Bxf6 gxf6 10.Nd5 f5 11.Bd3 Be6 12.c3 Bg7 13.Qh5 f4 14.O-O O-O 15.Rad1 f5
16.Bc2 Bxd5 17.Rxd5 Ne7 18.Rd2 Rf6 19.exf5 Kh8 20.Rfd1 Ng8 21.Bb3 Ra7 22.Be6 Bf8
23.Qe2 Qb8 24.Nc2 a5 25.Na3 Rb7 26.c4 b4 27.Nb5 Rb6 28.a4 bxa3 29.Nxa3 Nh6
30.c5 dxc5 31.Nc4 Rbxe6 32.fxe6 f3 33.Qxe5 Qxe5 34.Nxe5 Rxe6 35.Nxf3 Kg7
36.Rd7+ Be7 37.Ra7 Re2 38.Kf1 Re4 39.Re1 Rxe1+ 40.Nxe1 Kf6 41.Ra6+ Kg7 42.Rxa5 Nf5
43.Nd3  1-0

[Event "Open"]
[Site "Vienna AUT"]
[Date "2003.08.23"]
[Round "8"]
[White "Spaan,N"]
[Black "Beckhuis,G"]
[Result "1/2-1/2"]
[WhiteElo "2196"]
[BlackElo "2320"]

1.e4 c5 2.Nf3 Nc6 3.Nc3 d6 4.d4 cxd4 5.Nxd4 Nf6 6.f3 e5 7.Nb3 Be6 8.Nd5 Be7
9.Be3 O-O 10.c4 Ne8 11.Nxe7+ Nxe7 12.Bd3 Rc8 13.Rc1 b6 14.O-O Rc6 15.Nd2 a5
16.b3 g6 17.f4 exf4 18.Rxf4 f6 19.Nf3 Rc8 20.Nd4 Bd7 21.Qe2 Nc6 22.Nxc6 Bxc6
23.Rcf1 Rb8 24.Bd4 Rb7 25.Qf2 Kg7 26.h4 b5 27.h5 bxc4 28.bxc4 g5 29.h6+ Kxh6
30.e5 dxe5 31.Rh4+ Kg7 32.Rxh7+ Kg8 33.Rxb7 Bxb7 34.Bc5 Qxd3 35.Bxf8 Kxf8
36.Qc5+ Kg8 37.Qe7 Qd4+ 38.Kh2 Qh4+ 39.Kg1 Qd4+ 40.Kh2 Qh4+ 41.Kg1  1/2-1/2

[Event "Acropolis WGM"]
[Site "Athens GRE"]
[Date "2003.08.25"]
[Round "1"]
[White "Dembo,Y"]
[Black "Stiri,A"]
[Result "1-0"]
[WhiteElo "2390"]
[BlackElo "2172"]

1.e4 c5 2.Nc3 Nc6 3.Bb5 Nd4 4.Bc4 g6 5.Nf3 Bg7 6.Nxd4 cxd4 7.Qf3 e6 8.Nb5 d6
9.Qa3 Ke7 10.Qd3 Qb6 11.c3 dxc3 12.dxc3 a6 13.Be3 Qc6 14.Nd4 Qc7 15.O-O Nf6
16.Rae1 Ng4 17.Bb3 d5 18.f4 dxe4 19.Qxe4 Rd8 20.Bc1 Kf8 21.Qf3 Nf6 22.Be3 Rb8
23.f5 exf5 24.Bf4 Qb6 25.Bxb8 Ng4 26.h3 Bxd4+ 27.cxd4  1-0

[Event "II American Continental"]
[Site "Buenos Aires ARG"]
[Date "2003.08.25"]
[Round "7"]
[White "Rodriguez,And URU"]
[Black "Crosa,M"]
[Result "1-0"]
[WhiteElo "2485"]
[BlackElo "2412"]

1.e4 c5 2.Nc3 Nc6 3.Nge2 g6 4.d4 cxd4 5.Nxd4 Bg7 6.Nb3 Nf6 7.g4 d6 8.g5 Nd7
9.f4 a5 10.a4 O-O 11.Be3 b6 12.Qd2 Nc5 13.h4 e5 14.O-O-O Nxb3+ 15.cxb3 exf4
16.Bxf4 Nd4 17.Qe3 Nxb3+ 18.Kb1 Bxc3 19.Qxc3 Qe8 20.Bxd6 Be6 21.Bb5 Qd8 22.h5 gxh5
23.Bxf8 Qxf8 24.Bd7 Bxd7 25.Rxd7 Qe8 26.Rd3 Nc5 27.Rd4 Nxe4 28.Qf3 Nxg5 29.Rg1  1-0

[Event "XI Open A"]
[Site "Mislata ESP"]
[Date "2003.08.25"]
[Round "6"]
[White "Hernandez,Gi"]
[Black "Schaffer,H"]
[Result "1-0"]
[WhiteElo "2556"]
[BlackElo "2209"]

1.e4 c5 2.Nc3 Nc6 3.Nf3 g6 4.Bb5 Bg7 5.Bxc6 dxc6 6.h3 e5 7.d3 b6 8.Be3 Ne7
9.Qd2 h6 10.Ng1 Be6 11.Nge2 Qd7 12.f4 exf4 13.Nxf4 O-O-O 14.O-O Bd4 15.Rae1 Rdf8
16.Qf2 Bg7 17.Qd2 Bd4 18.Nce2 g5 19.Nxe6 fxe6 20.c3 Bxe3+ 21.Qxe3 Ng6 22.d4 cxd4
23.cxd4 Rxf1+ 24.Rxf1 Rf8 25.Rxf8+ Nxf8 26.Qf3 Qg7 27.e5 Kc7 28.Ng3 Nd7 29.Qa3 Kb7
30.Ne4 a5 31.Nd6+ Ka7 32.b4 Nxe5 33.dxe5 Qxe5 34.bxa5 Qe1+ 35.Kh2 Qe5+ 36.Qg3 Qxa5
37.Nc4 Qc5 38.Qa3+ Qxa3 39.Nxa3 b5 40.Kg3 Kb6 41.Kf3 Kc5 42.Ke4 b4 43.Nc2 Kc4
44.Nd4  1-0

[Event "II American Continental"]
[Site "Buenos Aires ARG"]
[Date "2003.08.26"]
[Round "8"]
[White "Cubas,Jo"]
[Black "Markzon,G"]
[Result "1-0"]
[WhiteElo "2419"]
[BlackElo "2267"]

1.e4 c5 2.Nc3 Nc6 3.Nf3 g6 4.d4 cxd4 5.Nxd4 Bg7 6.Be3 Nf6 7.Be2 O-O 8.O-O d5
9.exd5 Nb4 10.Qd2 Nbxd5 11.Nxd5 Nxd5 12.Bh6 e5 13.Bxg7 Kxg7 14.Nf3 Nf4 15.Qe3 Re8
16.Bb5 Re7 17.Nxe5 Nxg2 18.Qc3 f6 19.Nf3 Nf4 20.Rad1 Qb6 21.Qb4 Nh3+ 22.Kg2 Qc7
23.Rfe1 Nf4+ 24.Kh1 Rxe1+ 25.Rxe1 Be6 26.Nd4 Bd5+ 27.f3 Qb6 28.Re7+ Kh8 29.Qd2 Qd6
30.Qe3 Rd8 31.c3 a6 32.Be8 b5 33.Bf7 Bc6 34.Bb3 Nd5 35.Bxd5 Bxd5 36.Ra7 g5
37.Qd3 Rd7 38.Rxd7 Qxd7 39.b3 g4 40.Kg1 Bxf3  1-0

[Event "II American Continental"]
[Site "Buenos Aires ARG"]
[Date "2003.08.26"]
[Round "8"]
[White "Rodi,L"]
[Black "Delgado,Al"]
[Result "1-0"]
[WhiteElo "2221"]
[BlackElo "2310"]

1.e4 c5 2.Nc3 Nc6 3.Bb5 g6 4.Bxc6 dxc6 5.d3 Bg7 6.Be3 b6 7.Qd2 Nf6 8.Bh6 O-O
9.Bxg7 Kxg7 10.Nge2 Ne8 11.h4 h5 12.O-O-O e5 13.Rdf1 Nc7 14.f4 exf4 15.Nxf4 Bg4
16.Nd1 Bxd1 17.Qxd1 Qd7 18.Rh3 Rh8 19.Rg3 Qd6 20.Rg5 Rh7 21.e5 Qd4 22.Qf3 Qa4
23.Nxg6 Qxa2 24.Qf6+  1-0

[Event "II American Continental"]
[Site "Buenos Aires ARG"]
[Date "2003.08.26"]
[Round "8"]
[White "Zarnicki,P"]
[Black "Rosito,J"]
[Result "1/2-1/2"]
[WhiteElo "2530"]
[BlackElo "2426"]

1.e4 c5 2.Nc3 Nc6 3.Nf3 e6 4.Bb5 Nd4 5.O-O a6 6.Bd3 Ne7 7.Nxd4 cxd4 8.Ne2 Nc6
9.c3 Bc5 10.b4 Be7 11.Nxd4 Nxd4 12.cxd4 d5 13.Bb2 O-O 14.Qb3 dxe4 15.Bxe4 Bf6
16.Qd3 g6 17.Rac1 Qb6 18.Rc4 Rd8 19.Rfc1 Bg7 20.Qg3 a5 21.a3 e5 22.d5 axb4
23.Rxb4 Qd6 24.d4 exd4 25.Qxd6 Rxd6 26.Bxd4 Bxd4 27.Rxd4 Bd7 28.Rc3 Kf8 29.Rb4 b5
30.f4 Rda6 31.Rbb3 Ra4 32.Bd3 Rxf4 33.Bxb5 Bxb5 34.Rxb5 Ra7 35.d6 Rd4 36.Rb6 Rd7
37.Rcc6 Kg7 38.Ra6 Rd2 39.a4 Kf6 40.a5 Ra2 41.Rc7 Ke6 42.Rxd7 Kxd7 43.h3 h5
44.Kh2 h4 45.Ra7+ Kxd6 46.Rxf7 Ke6 47.Rh7 Rxa5 48.Rxh4 Kf6  1/2-1/2

[Event "ch-ISL"]
[Site "Hafnarborg ISL"]
[Date "2003.08.26"]
[Round "3"]
[White "Kjartansson,D"]
[Black "Stefansson,H"]
[Result "0-1"]
[WhiteElo "2320"]
[BlackElo "2560"]

1.e4 c5 2.Nc3 Nc6 3.Bb5 g6 4.f4 Nd4 5.Ba4 Bg7 6.Nf3 Qa5 7.Bb3 Nxb3 8.cxb3 d6
9.h3 e6 10.O-O Ne7 11.d4 cxd4 12.Nxd4 O-O 13.Kh1 Bd7 14.Be3 a6 15.a3 Qd8
16.Qd3 e5 17.Nde2 exf4 18.Bd4 Be5 19.Nxf4 Bc6 20.Rad1 Qc7 21.Qe3 Rae8 22.Nd3 f5
23.Nxe5 dxe5 24.Bb6 Qc8 25.Nd5 f4 26.Qc3 Bxd5 27.exd5 Nf5 28.Rfe1 Qd7 29.Rxe5 f3
30.g4 Ng3+ 31.Kh2 Ne4 32.Qc7 Qxc7 33.Bxc7 Rxe5 34.Bxe5 f2 35.Kg2 Nd2 36.Rf1 Nxf1
37.Kxf1 Rf3 38.h4 Kf7 39.b4 Ke7 40.Bd4 Kd6 41.Bxf2 Kxd5  0-1

[Event "XI Open A"]
[Site "Mislata ESP"]
[Date "2003.08.26"]
[Round "7"]
[White "Ibanez Aullana,J"]
[Black "Gonzalez de la Torre,S"]
[Result "0-1"]
[WhiteElo "2296"]
[BlackElo "2390"]

1.e4 c5 2.Nc3 Nc6 3.Bb5 Nd4 4.Bc4 e6 5.Nf3 a6 6.Nxd4 cxd4 7.Ne2 Bc5 8.d3 Ne7
9.Nf4 Bb4+ 10.Kf1 b5 11.Bb3 O-O 12.h4 Bb7 13.Qg4 f5 14.exf5 Nxf5 15.Kg1 Qf6
16.Nh5 Qf7 17.Bf4 Nh6 18.Qe2 Qg6 19.Bg3 Rf5 20.c3 dxc3 21.bxc3 Bxc3 22.Rc1 Bd4
23.Rc7 Rxf2 24.Bxe6+ dxe6  0-1

[Event "2nd It"]
[Site "Pays de Charleroi BEL"]
[Date "2003.08.26"]
[Round "5"]
[White "Cappon,J"]
[Black "Lacour,S"]
[Result "1/2-1/2"]
[WhiteElo "2216"]
[BlackElo "2139"]

1.e4 c5 2.Nc3 Nc6 3.Nf3 g6 4.d4 cxd4 5.Nxd4 Bg7 6.Be3 Nf6 7.Bc4 Qa5 8.O-O O-O
9.h3 Qb4 10.Bb3 Nxe4 11.Nxe4 Nxd4 12.c3 Ne2+ 13.Qxe2 Qxe4 14.Rad1 d6 15.Bd5 Qh4
16.Bd4 Bxd4 17.Rxd4 Qf6 18.Re1  1/2-1/2

[Event "II American Continental"]
[Site "Buenos Aires ARG"]
[Date "2003.08.28"]
[Round "10"]
[White "Rodriguez,And URU"]
[Black "Zambrana,O"]
[Result "1-0"]
[WhiteElo "2485"]
[BlackElo "2404"]

1.e4 c5 2.Nc3 Nc6 3.Nge2 Nf6 4.d4 cxd4 5.Nxd4 e5 6.Nde2 Bc5 7.Ng3 Qb6 8.Qd2 Ng4
9.Nd1 d6 10.c3 a5 11.Bd3 Be6 12.O-O O-O-O 13.Qe2 h5 14.Qf3 f6 15.Nf5 g6 16.Nfe3 Rdf8
17.a3 a4 18.Nd5 Qa7 19.N1e3 Nxe3 20.Bxe3 f5 21.Bc4 Kb8 22.Bxc5 Qxc5 23.Nb6 fxe4
24.Qxe4 Qxb6 25.Bxe6 Rf6 26.Bc4 Rf4 27.Qe2 g5 28.Rad1 Rh6 29.Rd5 Na7 30.g3 Rf8
31.Qe3 Qxb2 32.Ra5 b6 33.Rb5 Nxb5 34.Qxb6+ Kc8 35.Bxb5 Qxc3 36.Bc6 Qb3 37.Qa7 Rf7
38.Qa6+ Kd8 39.Qa8+ Ke7 40.Bd5 Qb6 41.Qg8 Rfh7 42.Rc1 Qd8 43.Qxg5+ Rf6 44.Rb1  1-0

[Event "II American Continental"]
[Site "Buenos Aires ARG"]
[Date "2003.08.28"]
[Round "10"]
[White "Rodi,L"]
[Black "Roselli Mailhe,B"]
[Result "1-0"]
[WhiteElo "2221"]
[BlackElo "2440"]

1.e4 c5 2.Nc3 Nc6 3.Bb5 Nd4 4.Bc4 g6 5.Nf3 Bg7 6.Nxd4 cxd4 7.Qf3 Nh6 8.d3 dxc3
9.Bxh6 O-O 10.Bxg7 Kxg7 11.bxc3 Qa5 12.d4 d6 13.O-O Bd7 14.Bb3 Rac8 15.c4 Qa3
16.e5 dxe5 17.Qd5 Qd6 18.dxe5 Qc7 19.Qd4 Bc6 20.e6+ f6 21.Qxa7 Qe5 22.Rae1 Qg5
23.f3 Rfd8 24.Qe3 Qf5 25.Rd1 Rxd1 26.Rxd1 h5 27.Rd2 h4 28.h3 Rh8 29.c3 Qa5
30.Bc2 Rh5 31.f4 Qc5 32.Rd4 Rh8 33.Be4 Rc8 34.Kh2 Bxe4 35.Qxe4 Rc6 36.Rd7 f5
37.Qe1 g5 38.Rd5  1-0

[Event "II American Continental"]
[Site "Buenos Aires ARG"]
[Date "2003.08.28"]
[Round "10"]
[White "Dobson Aguilar,L"]
[Black "Markzon,G"]
[Result "0-1"]
[WhiteElo "2330"]
[BlackElo "2267"]

1.e4 c5 2.Nf3 Nc6 3.Nc3 g6 4.d4 cxd4 5.Nxd4 Bg7 6.Nb3 Nf6 7.Be2 O-O 8.Be3 d6
9.g4 a5 10.a4 b6 11.g5 Nd7 12.h4 Bb7 13.h5 Nb4 14.hxg6 hxg6 15.Bd4 e5 16.Be3 Rc8
17.Bg4 d5 18.exd5 Rxc3 19.bxc3 Nxd5 20.Rh3 e4 21.Bd4 Ne5 22.c4 Nf4 23.Bxe5 Bxe5
24.Qxd8 Rxd8 25.Rd1 Rxd1+ 26.Kxd1 Nxh3 27.Bxh3 Bc6 28.c5 bxc5 29.Nxc5 Bd4
30.Bd7 Bd5 31.c4 e3 32.cxd5 exf2 33.Ke2 Bxc5 34.Bh3 Be7 35.Kxf2 Bxg5 36.Kf3 f5
37.Ke2 Kf7 38.Kd3 Bd8 39.Kd4 Kf6 40.d6 g5 41.Kd5 g4 42.Bg2 f4 43.Be4 f3 44.d7 Kg5
45.Kd4 Kf4 46.Kd3 g3 47.Bc6 g2  0-1

[Event "ch-ISL"]
[Site "Hafnarborg ISL"]
[Date "2003.08.28"]
[Round "5"]
[White "Gunnarsson,J"]
[Black "Sigfusson,S"]
[Result "1-0"]
[WhiteElo "2411"]
[BlackElo "2323"]

1.e4 c5 2.Nf3 Nc6 3.Nc3 Nf6 4.d4 cxd4 5.Nxd4 e5 6.Ndb5 d6 7.Nd5 Nxd5 8.exd5 Nb8
9.c4 Be7 10.Bd3 O-O 11.Be3 a6 12.Nc3 f5 13.O-O Nd7 14.f3 Qe8 15.b4 f4 16.Bf2 Rf6
17.g4 fxg3 18.hxg3 Qf7 19.Kg2 Nf8 20.Be4 Ng6 21.Be3 h6 22.c5 Bf5 23.c6 Rf8
24.a4 Nh4+ 25.gxh4 Qg6+ 26.Kh1 Qg3 27.Qe2 Qxh4+ 28.Qh2 Bh3 29.Rg1 Rxf3 30.Bxf3 Rxf3
31.cxb7 Qxb4 32.Rab1 Qxc3 33.b8=Q+ Kh7 34.Qb3  1-0

[Event "European GP"]
[Site "Izmir TUR"]
[Date "2003.08.28"]
[Round "4"]
[White "Gurcan,S"]
[Black "Ardic,E"]
[Result "1-0"]
[WhiteElo "2307"]
[BlackElo "2137"]

1.e4 c5 2.Nf3 Nc6 3.Nc3 g6 4.d4 cxd4 5.Nxd4 Bg7 6.Be3 Nf6 7.Bc4 d6 8.h3 O-O
9.Bb3 Bd7 10.O-O Na5 11.f4 Nxb3 12.axb3 Ne8 13.Qd3 Nc7 14.Nf3 Na6 15.Bd4 Nb4
16.Qd2 Bxd4+ 17.Nxd4 Nc6 18.Nf3 Be6 19.f5 gxf5 20.Qh6 f6 21.Ng5 fxg5 22.Qxe6+ Kh8
23.exf5 Qb6+ 24.Kh1 Qd4 25.Rae1 Rae8 26.Re4 Qg7 27.Qd7 Ne5 28.Qxb7 g4 29.Qxa7 gxh3
30.gxh3 Rg8 31.Qf2 Qh6 32.Rh4 Qg5 33.Ne4 Qg1+ 34.Rxg1 Rxg1+ 35.Kxg1  1-0

[Event "HMC Calder Cup A"]
[Site "'s-Hertogenbosch NED"]
[Date "2003.08.30"]
[Round "3"]
[White "Saltaev,M"]
[Black "Abeln,M"]
[Result "1-0"]
[WhiteElo "2484"]
[BlackElo "2272"]

1.e4 c5 2.Nf3 Nc6 3.Nc3 d6 4.d4 cxd4 5.Nxd4 Nf6 6.Bc4 e6 7.O-O a6 8.Kh1 Qc7
9.a4 Be7 10.f4 O-O 11.f5 Nxd4 12.Qxd4 Bd7 13.Bg5 Rac8 14.Bb3 Qc5 15.Qd3 b5
16.axb5 axb5 17.e5 Qxe5 18.Rae1 Rxc3 19.bxc3 Qc5 20.Bxf6 Bxf6 21.fxe6 fxe6
22.Bxe6+ Bxe6 23.Rxe6 Rd8 24.Rb1 Bxc3 25.Qxb5 Qxb5 26.Rxb5 Kf7 27.Re2 Be5
28.Rb7+ Kf6 29.Rc7 Ra8 30.g3 Ra3 31.Kg2 h6 32.Re1 Kf5 33.Rf7+ Kg6 34.Rf3 Ra5
35.c4 Rc5 36.Re4 Ra5 37.Rf2 Rc5 38.Rg4+ Kh7 39.Rd2 h5 40.Re4 Kg6 41.Rd5 Rxd5
42.cxd5 Kf5 43.Kf3 Kf6 44.h3 Kf5 45.Re3 g6 46.Re2 Kf6 47.Re4 Kf5 48.Re3 Kf6
49.g4 h4 50.Ke4 Ke7 51.g5  1-0

[Event "V Open"]
[Site "Sants ESP"]
[Date "2003.08.30"]
[Round "10"]
[White "Blokhuis,J"]
[Black "Ayza Ballester,J"]
[Result "1/2-1/2"]
[WhiteElo "2360"]
[BlackElo "2269"]

1.e4 c5 2.Nc3 Nc6 3.Nge2 g6 4.g3 Bg7 5.Bg2 e6 6.d3 Nge7 7.Be3 d6 8.d4 cxd4
9.Nxd4 a6 10.a4 Qc7 11.O-O b6 12.Nce2 O-O 13.Rc1 Bb7 14.c4 Rac8 15.b3 Rfd8
16.Nc3 Nxd4 17.Bxd4 Bxd4 18.Qxd4 Qc5 19.Qd2 Nc6 20.Ne2 Qa5 21.Qe3 b5 22.axb5 axb5
23.Ra1 Qb4 24.Qb6 bxc4 25.Qxb4 Nxb4 26.Ra4 Nd3 27.Rxc4 Rxc4 28.bxc4 Ba6 29.Nd4 Bxc4
30.Rd1 Ne5 31.f4 Ng4 32.Nc6 Ra8 33.Bf3 h5 34.Bxg4 hxg4 35.Rxd6 Ra1+ 36.Kf2 Ra2+
37.Ke3 Rxh2 38.Ne5 Re2+ 39.Kd4 Rd2+ 40.Kc5 Rxd6 41.Kxd6 Ba6  1/2-1/2

[Event "Acropolis WGM"]
[Site "Athens GRE"]
[Date "2003.08.31"]
[Round "7"]
[White "Petraki,M"]
[Black "Papadopoulou,V"]
[Result "0-1"]
[WhiteElo "2117"]
[BlackElo "2211"]

1.e4 c5 2.Nc3 Nc6 3.Bb5 g6 4.Bxc6 bxc6 5.d3 Bg7 6.Nge2 d6 7.Be3 Rb8 8.Rb1 f5
9.O-O Nf6 10.h3 O-O 11.Qd2 Rf7 12.exf5 gxf5 13.d4 cxd4 14.Nxd4 Qd7 15.Nf3 e5
16.Ng5 Rf8 17.f4 e4 18.h4 h6 19.Nh3 Ng4 20.Bd4 d5 21.Nd1 Rd8 22.Ne3 Bxd4
23.Qxd4 Nxe3 24.Qxe3 d4 25.Qg3+ Kh7 26.Rfd1 c5 27.c3 Rg8 28.Ng5+ Kh8 29.cxd4 cxd4
30.Qf2 e3 31.Qf3 hxg5 32.fxg5 Bb7 33.Qh5+ Qh7 34.Qxh7+ Kxh7 35.Rxd4 Be4 36.Re1 Rxb2
37.Rxe3 Rxg2+ 38.Kf1 Rxa2 39.Rd7+ Rg7 40.Rd6 Rc7 41.Re1 Rh2 42.Rdd1 Rxh4
43.Ke2 Rh3 44.Rd2 Kg6 45.Rd6+ Kxg5 46.Rg1+ Kf4 47.Rf1+ Ke5 48.Rd2 Rh2+  0-1

[Event "Acropolis Open"]
[Site "Athens GRE"]
[Date "2003.08.31"]
[Round "7"]
[White "Petrov,Marij"]
[Black "Nikolaidis,I"]
[Result "1/2-1/2"]
[WhiteElo "2475"]
[BlackElo "2478"]

1.e4 c5 2.Nf3 Nc6 3.Nc3 g6 4.d4 cxd4 5.Nxd4 Bg7 6.Be3 d6 7.Qd2 Nf6 8.f3 O-O
9.O-O-O d5 10.exd5 Nxd5  1/2-1/2

[Event "1st League TCh-SCG"]
[Site "Budva SCG"]
[Date "2003.08.31"]
[Round "3"]
[White "Kalezic,B"]
[Black "Miljkovic,Mir"]
[Result "1-0"]
[WhiteElo "2430"]
[BlackElo "2414"]

1.e4 c5 2.Nf3 Nc6 3.Nc3 e5 4.Bc4 Be7 5.d3 d6 6.O-O Nf6 7.Ng5 O-O 8.f4 exf4
9.Bxf4 Bg4 10.Qd2 Bh5 11.Nd5 Nxd5 12.Bxd5 Qd7 13.c3 Bf6 14.Bg3 Rae8 15.Nh3 Ne7
16.Bb3 Bg4 17.Rxf6 gxf6 18.Qh6 Bxh3 19.gxh3 Ng6 20.Rf1 Re5 21.Rxf6 Qd8 22.Rxg6+ hxg6
23.Qxg6+ Kh8 24.Qh6+ Kg8 25.Bh4 Qxh4 26.Qxh4 Kg7 27.d4  1-0

[Event "1st League TCh-SCG w"]
[Site "Budva SCG"]
[Date "2003.08.31"]
[Round "3"]
[White "Vranesevic,D"]
[Black "Benderac,A"]
[Result "0-1"]
[WhiteElo "2049"]
[BlackElo "2310"]

1.e4 c5 2.Nc3 Nc6 3.Bb5 Nd4 4.Bc4 e6 5.Nf3 Ne7 6.O-O Nec6 7.d3 a6 8.a4 Be7
9.Ne1 Rb8 10.f4 b5 11.axb5 axb5 12.Ba2 O-O 13.f5 b4 14.Ne2 Nxe2+ 15.Qxe2 Ra8
16.Qg4 Bf6 17.Nf3 exf5 18.Qxf5 b3 19.cxb3 d5 20.Qh5 g6 21.Qh6 Bg7 22.Qf4 Nb4
23.Ne5 Rxa2 24.Rxa2 Nxa2 25.Be3 d4 26.Bd2 Qd6 27.Nc4 Qxf4 28.Bxf4 Be6 29.Bd6 Rc8
30.Ra1 Bxc4  0-1

[Event "V Open"]
[Site "Sants ESP"]
[Date "2003.08.31"]
[Round "2"]
[White "Blokhuis,J"]
[Black "Ayza Leon,D"]
[Result "1-0"]
[WhiteElo "2360"]
[BlackElo "2030"]

1.e4 c5 2.Nc3 Nc6 3.Nge2 e6 4.g3 d6 5.Bg2 Nf6 6.O-O Be7 7.f4 h5 8.h3 d5 9.e5 Nd7
10.d3 Nb6 11.Bd2 g5 12.Qe1 gxf4 13.Bxf4 a6 14.Kh2 Bd7 15.a4 d4 16.Ne4 Nd5
17.Qf2 Qa5 18.Bd2 Qc7 19.Nd6+ Bxd6 20.Qxf7+ Kd8 21.Bxd5 Bxe5 22.Bxe6 h4 23.Bg5+ Kc8
24.Qxd7+ Qxd7 25.Bxd7+ Kxd7 26.Rf7+ Ke6 27.Rxb7 hxg3+ 28.Kg2 Raf8 29.Nxg3 Rfg8
30.h4 Nb4 31.Re1 Rxg5 32.hxg5 Nxc2 33.Rh1 Rxh1 34.Nxh1 Kf5 35.Kf3 Nb4 36.Nf2 Kxg5
37.Ke4 Bd6 38.Rd7 Bf8 39.Nh3+ Kg6 40.Nf4+ Kf6 41.Rh7  1-0

[Event "1st League TCh-SCG w"]
[Site "Budva SCG"]
[Date "2003.09.01"]
[Round "4"]
[White "Vranesevic,D"]
[Black "Maric,M"]
[Result "0-1"]
[WhiteElo "2049"]
[BlackElo "2300"]

1.e4 c5 2.Nc3 Nc6 3.Bb5 Nd4 4.Bc4 g6 5.Nf3 Bg7 6.Nxd4 cxd4 7.Qf3 e6 8.Nb5 Be5
9.Qa3 Qe7 10.Qd3 d5 11.Bb3 Nf6 12.Nxd4 dxe4 13.Qe3 O-O 14.Ne2 Bd7 15.d4 Bd6
16.Ng3 Bc6 17.Qg5 Rfe8 18.Qg4 Nd5 19.Bg5 f6 20.Bd2 g5 21.Qh3 Nf4 22.Bxf4 Bxf4
23.Nf5 Qd7 24.Nh6+ Kh8 25.O-O f5 26.g3 g4 27.Qh5 Bxh6 28.Qxh6 Qxd4 29.Bxe6 Qe5
30.Bf7 Re7 31.Bb3 Qxb2 32.Rad1 Qe5 33.Rfe1 a5 34.a4 Rae8 35.Qe3 Rf8 36.Rd2 Ree8
37.Red1 f4 38.gxf4 Qxf4 39.Qxf4 Rxf4 40.Re1 Rff8 41.Ree2 Kg7 42.Rd4 Kg6 43.Bd5 Bxd5
44.Rxd5 Rf5 45.Rd7 b6 46.Rd1 Ree5 47.Rd6+ Rf6 48.Red2 Ree6 49.R6d5 Rc6 50.R5d4 Rfe6
51.Re2 Kf5 52.Rd5+ Re5 53.Rd7 h5 54.Rf7+ Kg5 55.Rg7+ Kh4 56.Rb7 Ree6 57.Re3 Rxc2
58.Rb3 Rf6 59.R7xb6 Rfxf2 60.Re3 Rg2+ 61.Kf1 Rxh2 62.Kg1 Rhg2+ 63.Kf1 Rgf2+
64.Ke1 g3  0-1

[Event "1st League TCh-SCG"]
[Site "Budva SCG"]
[Date "2003.09.01"]
[Round "4"]
[White "Stojanovic,Da"]
[Black "Pavlovic,Mi"]
[Result "1/2-1/2"]
[WhiteElo "2422"]
[BlackElo "2569"]

1.e4 c5 2.Nf3 Nc6 3.Nc3 e5 4.Bc4 Be7 5.d3 Nf6 6.Nd2 O-O 7.Nf1 d6 8.Ne3 Rb8
9.O-O a6 10.a3 b5 11.Ba2 Nd4 12.Ncd5 Nxd5 13.Nxd5 Bg5 14.f4 exf4 15.Bxf4 Bxf4
16.Rxf4 Qg5 17.c3 Nc6 18.Qd2 Be6 19.Raf1 Ne5 20.b4 Ng6 21.R4f2 Qxd2 22.Rxd2 Rfc8
23.bxc5 dxc5 24.Ne3 Bxa2 25.Rxa2 c4 26.dxc4 bxc4 27.Rd1 Rb3 28.Rad2 Rxa3
29.Rd8+ Rxd8 30.Rxd8+ Nf8 31.Nxc4 Rxc3 32.Nb6 Rc7 33.Ra8 g6 34.Nd5 Rc2 35.Nf6+ Kg7
36.Ne8+ Kg8  1/2-1/2

[Event "Acropolis WGM"]
[Site "Athens GRE"]
[Date "2003.09.02"]
[Round "9"]
[White "Petraki,M"]
[Black "Maksimovic,S"]
[Result "0-1"]
[WhiteElo "2117"]
[BlackElo "2277"]

1.e4 c5 2.Nc3 Nc6 3.Bb5 Nd4 4.Bc4 g6 5.Nge2 Bg7 6.Nxd4 cxd4 7.Ne2 a6 8.d3 Nf6
9.Bb3 d5 10.e5 Ng4 11.f4 f6 12.h3 Nh6 13.O-O O-O 14.Qe1 fxe5 15.fxe5 Rxf1+
16.Qxf1 Nf7 17.Bf4 Nxe5 18.Re1 Nc6 19.Qf3 e6 20.Rf1 Bd7 21.Qg3 Qe8 22.h4 Kh8
23.Bd6 Rc8 24.Re1 Qf7 25.Rf1 Qg8 26.Qg4 Qe8 27.Qg3 b5 28.Nf4 Ne7 29.Bxe7 Qxe7
30.Re1 Qf7 31.Nh3 Rf8 32.Ng5 Qf5 33.Nf3 Qf4 34.Qxf4 Rxf4 35.Ng5 Rf6 36.Nf3 Rf8
37.Ng5 Re8 38.Rf1 h6 39.Nf3 Bc6 40.Kh1 e5 41.h5 g5 42.c3 dxc3 43.bxc3 a5
44.Bc2 b4 45.d4 e4 46.Ne5 Bxe5 47.dxe5 Rxe5 48.cxb4 axb4 49.Bd1 Kg7 50.Be2 d4
51.Rc1 d3 52.Bg4 e3 53.Rxc6 e2 54.Rc7+ Kf8  0-1

[Event "VII Pablo Gorbea"]
[Site "Madrid ESP"]
[Date "2003.09.02"]
[Round "2"]
[White "De la Barrera M.,E"]
[Black "Belezky,S"]
[Result "0-1"]
[WhiteElo "2064"]
[BlackElo "2388"]

1.e4 c5 2.Nc3 Nc6 3.Bb5 Na5 4.a4 e6 5.d4 c4 6.b3 Qc7 7.Nge2 Bb4 8.Bxc4 Nxc4
9.bxc4 Qxc4 10.Qd3 Qxd3 11.cxd3 Ne7 12.O-O a6 13.Ba3 Bxa3 14.Rxa3 d6 15.Rb1 Nc6
16.a5 Rb8 17.f4 Bd7 18.d5 exd5 19.Nxd5 Kd8 20.Kf2 Re8 21.Rb6 Re6 22.g4 Rg6
23.h3 h5 24.f5 Rg5 25.Kg3 hxg4 26.h4 Rh5 27.d4 g5 28.hxg5 Rh3+  0-1

[Event "1st League TCh-SCG"]
[Site "Budva SCG"]
[Date "2003.09.03"]
[Round "6"]
[White "Brenjo,S"]
[Black "Damljanovic,B"]
[Result "0-1"]
[WhiteElo "2424"]
[BlackElo "2589"]

1.e4 c5 2.Nc3 Nc6 3.Nf3 d6 4.d4 cxd4 5.Nxd4 Nf6 6.Bc4 Qb6 7.Nb3 e6 8.Be3 Qc7
9.O-O a6 10.f4 b5 11.Bd3 Bb7 12.Qe2 Be7 13.a4 b4 14.Nd1 Na5 15.Nd2 O-O 16.Nf2 Rfe8
17.Ng4 e5 18.f5 Nc6 19.c3 bxc3 20.bxc3 Nb8 21.Nxf6+ Bxf6 22.g4 h6 23.Rab1 Nd7
24.Nc4 Bc6 25.Nb6 Nxb6 26.Bxb6 Qc8 27.a5 d5 28.exd5 Bxd5 29.c4 Bc6 30.Be4 Qb7
31.Rfe1 Rac8 32.Qf3 Bh4 33.Re2 Bg5 34.Rd1 Bxe4 35.Qxe4 Qe7 36.Rd5 Bf4 37.c5 h5
38.Qxf4 exf4 39.Rxe7 Rxe7 40.gxh5 Re2 41.f6 Rc6 42.fxg7 Kxg7 43.Rf5 Rf6 44.Rxf6 Kxf6
45.Bd8+ Kf5 46.c6 Rc2 47.c7 f6 48.Kf1 Kg5 49.Ke1 Kxh5 50.Kd1 Rc6 51.Ke2 Kg4
52.Bxf6 Rxc7  0-1

[Event "1st Misr Closed"]
[Site "Cairo EGY"]
[Date "2003.09.03"]
[Round "4"]
[White "El Gindy,E"]
[Black "Ezat,M"]
[Result "1-0"]
[WhiteElo "2498"]
[BlackElo "2410"]

1.e4 c5 2.Nc3 Nc6 3.Bb5 Nd4 4.Bc4 e6 5.Nf3 Ne7 6.Nxd4 cxd4 7.Ne2 Nc6 8.O-O d5
9.exd5 exd5 10.Bb3 Bd6 11.d3 O-O 12.Bf4 Bg4 13.Bxd6 Qxd6 14.h3 Be6 15.Qd2 Rac8
16.Rfe1 h6 17.Nf4 b6 18.Re2 Na5 19.Ba4 Nb7 20.b4 Rc3 21.a3 a5 22.Bb3 Nd8
23.Rae1 axb4 24.axb4 Qxb4 25.Nxd5 Bxd5 26.Bxd5 Qc5 27.Bc4 b5 28.Re5 Qxe5
29.Rxe5 bxc4 30.dxc4 Rxc4 31.Rd5 Ne6 32.Ra5 Rfc8 33.Ra2 Rc3 34.h4 R3c4 35.g3 Rc3
36.Kg2 R3c5 37.Qe2 Nf8 38.Qe4 Ne6 39.f4 Nf8 40.Kh3 Rc3 41.f5 Nh7 42.f6 Nxf6
43.Qxd4 Nh5 44.Qe5 Rxg3+ 45.Kh2 Rgc3 46.Qxh5 Rxc2+ 47.Rxc2 Rxc2+ 48.Kg3 Rc6
49.Kf4 Rf6+ 50.Ke5 Re6+ 51.Kd5 Rf6 52.Qe5 h5 53.Qxh5 Rh6 54.Qg5 Rf6 55.Qh5 Rh6
56.Qg4 Rf6 57.Qe4 Kh8 58.h5 Kg8 59.Qc2 Rh6 60.Qc8+ Kh7 61.Qf5+ Kg8 62.Kc5 Rf6
63.Qc8+ Kh7 64.Kd4 Rh6 65.Qf8 Rxh5 66.Qxf7 Rh6 67.Ke5 Rf6 68.Qe8 Kh6 69.Kd4 Kh7
70.Kd5 Kh6 71.Qe4 Kg5 72.Qh7 Rf5+ 73.Ke6 g6 74.Qh8 Rf1 75.Qc3 Rf5 76.Qd2+ Kh5
77.Qe3 Rf8 78.Qh3+ Kg5 79.Qg3+ Kh5 80.Qh2+ Kg5 81.Ke7 Rf5 82.Qh8 Rf4 83.Kd6 Rf7
84.Kd5 Rf4 85.Ke5 Rf7 86.Ke6 Rf4 87.Qd8+ Kh5 88.Qd1+ Kh4 89.Qe1+ Kh5 90.Qe2+ Kg5
91.Qe3 Kg4 92.Qg1+ Kh5 93.Qh2+ Rh4 94.Qg3 g5 95.Kf6 Rf4+ 96.Kg7  1-0

[Event "56th ch-RUS"]
[Site "Krasnoyarsk RUS"]
[Date "2003.09.03"]
[Round "1"]
[White "Kurnosov,I"]
[Black "Smirnov,P"]
[Result "1/2-1/2"]
[WhiteElo "2527"]
[BlackElo "2629"]

1.e4 c5 2.Nf3 Nc6 3.Nc3 e5 4.Bc4 Be7 5.d3 Nf6 6.Nd2 d6 7.Nf1 Nd7 8.Nd5 Nb6
9.Nxb6 axb6 10.c3 O-O 11.Ne3 Bg5 12.O-O Bxe3 13.Bxe3 Be6 14.a3 Qd7 15.Qb3 Bxc4
16.Qxc4 Kh8 17.Qb5 Ra6 18.d4 Qe7 19.dxc5 bxc5 20.b4 Rfa8 21.bxc5 dxc5 22.Qxc5 Qc7
23.Rfb1 Ra4 24.f3 h6 25.h3 R4a5 26.Rb5 Qd8 27.Bf2 Kg8 28.Rxa5 Rxa5 29.Qb6 Qxb6
30.Bxb6 Rb5 31.Bf2 Rb3 32.c4 Rc3 33.c5 Nd4 34.Rb1 Rxc5 35.Rxb7 Rc1+ 36.Kh2 Rc2
37.Rb8+ Kh7 38.Bxd4 exd4 39.Rd8 Ra2 40.Rxd4 Rxa3 41.Rd7 Kg6 42.Kg3 Kf6 43.Kf4 h5
44.Rd6+ Ke7 45.Rb6 Ra5 46.h4 g6 47.e5 Rc5 48.Rf6 Ra5 49.g3 Rb5 50.Ke4 Rb4+
51.Ke3 Rb5 52.Kf4 Ra5 53.Rd6 Rb5 54.Ke4 Ra5 55.Rd5 Ra4+ 56.Rd4 Ra5 57.Rb4 Ke6
58.Kf4 Ra3 59.Rb6+ Ke7 60.Rf6 Ra5 61.Rc6 Rb5 62.Rd6 Ra5 63.Ke4 Ra4+ 64.Rd4 Ra5
65.Rc4 Rb5 66.f4 Rb1 67.Rc7+ Ke6 68.Rc6+ Ke7 69.Rc3 Re1+ 70.Re3 Rb1 71.Kf3 Rf1+
72.Ke4 Rb1 73.Rd3 Re1+ 74.Kd5 Ra1 75.Rc3 Rd1+ 76.Ke4 Re1+ 77.Kf3 Rf1+ 78.Kg2 Re1
79.Rf3 Ke6 80.Rf1 Re2+ 81.Rf2 Re3 82.Rf3 Re2+ 83.Kh3 f6 84.exf6 Kxf6 85.Rc3 Rb2
86.g4 hxg4+ 87.Kxg4 Rg2+ 88.Kf3 Ra2 89.Rc4 Ra1 90.Rc6+ Kf5 91.Rc5+ Kf6 92.Rg5 Ra3+
93.Kg4 Ra7 94.Rb5  1/2-1/2